|
|
|
|
| LEADER |
00929nam a2200217 i 4500 |
| 003 |
GR-PaULI |
| 005 |
20210117210945.0 |
| 008 |
190906t1976 de ||||| |||| 00| 0 eng d |
| 952 |
|
|
|0 0
|1 0
|2 ddc
|4 0
|6 833_914000000000000_ENQ
|7 0
|9 234858
|a LISP
|b LISP
|c DON
|d 2019-09-06
|e ΒΑΛ
|i 129211
|l 0
|o 833.914 ENQ
|p 025000248315
|r 2019-09-06 00:00:00
|t 1
|v 2019.00
|w 2019-09-06
|y BK15
|
| 999 |
|
|
|c 142361
|d 142361
|
| 020 |
|
|
|a 3920392515
|
| 040 |
|
|
|a GR-PaULI
|b gre
|c GR-PaULI
|e AACR2
|
| 082 |
0 |
4 |
|2 23
|a 833.914
|
| 100 |
1 |
|
|9 150289
|a Enquist, Per Olov
|d 1934-
|e συγγραφέας
|
| 245 |
1 |
0 |
|a Nach den klassischen hohepunkten /
|b Per Olov Enquist ; aus dem schwedischen von Hans-Joachim Maass.
|
| 260 |
|
|
|a Berlin :
|b Literarisches Colloquium,
|c c1976
|
| 300 |
|
|
|a 69 σ. ;
|c 21 εκ.
|
| 490 |
1 |
|
|a LCB-Editionen / Literarisches Colloquium
|v 43
|
| 830 |
|
0 |
|9 177703
|a LCB-Editionen ( Literarisches Colloquium)
|
| 942 |
|
|
|2 ddc
|c BK15
|
| 998 |
|
|
|c ΣΑΤΛΑΝΗΣ
|d 2019-09
|